| 000 | 00447cam a2200181ua 4500 | ||
|---|---|---|---|
| 020 | _c$ 65.00 | ||
| 041 |
_aeng _h |
||
| 082 |
_a581 _bPRE/AD |
||
| 100 | _aPreston, R D . | ||
| 245 |
_aAdvances in botanical research, vol-l / _cR D Preston. _hTextual Documents |
||
| 250 |
_a1 / _b. |
||
| 260 |
_aNew York : _bAcademic Press , _c1963. |
||
| 300 | _a384 ; . | ||
| 365 | _a$ 65.00 | ||
| 504 | _a | ||
| 942 | _cBK | ||
| 999 |
_c3158 _d3158 |
||